MARC

LEADER 00000nam0a2200000 4500
001 141446
005 20250211063205.0
035 |a (RuTPU)RU\TPU\book\153310 
090 |a 141446 
100 |a 20080814a1990 m y0rusy5003 ca 
101 0 |a rus 
102 |a RU 
105 |a a z 001zy 
200 1 |a Конструкционная надежность  |f Московский энергетический институт (МЭИ) ; [гл. ред. В. В. Болотин] 
210 |a Москва  |c Изд-во МЭИ  |d 1990 
215 |a 175 с.  |c ил. 
225 1 |a Труды Московского энергетического института (МЭИ)  |v Вып. 637 
320 |a Библиография в конце статей 
500 1 0 |a Труды Московского энергетического института  |9 88841 
610 1 |a машиностроительные конструкции 
610 1 |a прочность 
610 1 |a прогнозирование 
610 1 |a надежность 
610 1 |a машины 
610 1 |a конструкции 
610 1 |a механика разрушения 
610 1 |a статьи 
610 1 |a сборники 
675 |a 621-192 
702 1 |a Болотин  |b В. В.  |g Владимир Васильевич  |4 651 
712 0 2 |a Московский энергетический институт (МЭИ)  |c (1930-1992)  |3 (RuTPU)RU\TPU\col\20092 
801 0 |a RU  |b RuMRKP  |c 19950417  |g psbo 
801 1 |a RU  |b 63413507  |c 20080814  |g PSBO 
801 2 |a RU  |b 63413507  |c 20170502  |g PSBO 
942 |c BK